Online
Catalog

Básilica nuestra señora de la Altragracia / (Record no. 59298)

MARC details
000 -CABECERA
campo de control de longitud fija 01069nam a2200265 i 4500
003 - IDENTIFICADOR DEL NÚMERO DE CONTROL
campo de control DO-SdBNP
005 - FECHA Y HORA DE LA ÚLTIMA TRANSACCIÓN
campo de control 20250616143213.0
007 - CAMPO FIJO DE DESCRIPCIÓN FÍSICA--INFORMACIÓN GENERAL
campo de control de longitud fija ta
008 - DATOS DE LONGITUD FIJA--INFORMACIÓN GENERAL
campo de control de longitud fija 190724s2012 dr o 000 spa d
040 ## - FUENTE DE LA CATALOGACIÓN
Centro catalogador/agencia de origen DO-SdBNP
Lengua de catalogación spa
Centro/agencia transcriptor BNPHU
Normas de descripción rda
082 ## - NÚMERO DE LA CLASIFICACIÓN DECIMAL DEWEY
Número de clasificación xxxx
Número de documento/Ítem D925b
Número de edición 22
100 1# - ENTRADA PRINCIPAL--NOMBRE DE PERSONA
Nombre de persona Dunoyer de Segonzac, André J
9 (RLIN) 76493
Fechas asociadas al nombre 1884-1974
Término indicativo de función/relación autor
Código de función/relación aut.
245 #0 - MENCIÓN DE TÍTULO
Título Básilica nuestra señora de la Altragracia /
Mención de responsabilidad, etc. Andrè J. Dunoyer de Segonzac ; fotografías Ricardo Briones
264 #1 - PRODUCCIÓN, PUBLICACIÓN, DISTRIBUCIÓN, FABRICACIÓN Y COPYRIGHT
Producción, publicación, distribución, fabricación y copyright Santo Domingo :
Nombre del de productor, editor, distribuidor, fabricante Editora Amigo del Hogar,
Fecha de producción, publicación, distribución, fabricación o copyright [2012].
300 ## - DESCRIPCIÓN FÍSICA
Extensión 101 páginas
Otras características físicas fotografías
Dimensiones 28 cm
336 ## - TIPO DE CONTENIDO
Término de tipo de contenido texto
Código de tipo de contenido txt
Fuente rdacontent
337 ## - TIPO DE MEDIO
Nombre/término del tipo de medio sin mediación
Código del tipo de medio n
Fuente rdamedia
338 ## - TIPO DE SOPORTE
Nombre/término del tipo de soporte volumen
Código del tipo de soporte nc
Fuente rdacarrier
500 ## - NOTA GENERAL
Nota general Publicación del museo de La Altagracia en ocasión de su inauguración 26 de julio de 2012.
505 ## - NOTA DE CONTENIDO CON FORMATO
Título Vidrieras --
-- Pinturas murales --
-- Retablo --
-- Altar mayor --
-- Mosaicos --
-- Campanario --
-- Carillón /
590 ## - NOTA LOCAL (RLIN)
Nota local Inventariado, 2025/ YL
700 ## - PUNTO DE ACCESO ADICIONAL--NOMBRE DE PERSONA
Nombre de persona Briones, Ricardo
Término indicativo de función/relación fotógrafo
Código de función/relación fot.
9 (RLIN) 59135
910 ## - DATOS DE OPCIÓN DEL USUARIO (OCLC)
Datos de opción del usuario YLockward
942 ## - ELEMENTOS DE PUNTO DE ACCESO ADICIONAL (KOHA)
Fuente del sistema de clasificación o colocación Dewey Decimal Classification
Tipo de ítem Koha Libro
Holdings
Estado de retiro Estado de pérdida Fuente del sistema de clasificación o colocación Restricciones de uso No para préstamo Código de colección Localización permanente Ubicación/localización actual Ubicación en estantería Fecha de adquisición Fuente de adquisición Total de préstamos Signatura topográfica completa Código de barras Fecha visto por última vez Precio válido a partir de Tipo de ítem Koha
    Dewey Decimal Classification Excluido de préstamo   Patrimonio Dominicano Referencia Biblioteca Nacional Pedro Henríquez Ureña Biblioteca Nacional Pedro Henríquez Ureña En catalogación 24.03.2022 Donación   BNPHU R-PD xxxx D925b 2025-5295 16.06.2025 16.06.2025 Libro

Powered by Koha